Barcelona - Madrid 1898-1998 : sintonies i distàncies sintonies i distàncies
ISBN:
84-88811-26-8
Publicado:
[Barcelona] :
Diputació de Barcelona : Centre de Cultura Contemporània de Barcelona, DL 1997
Descripción Física:
254 p. : il. (allgunes col.) ; 24x24 cm
MARC
| LEADER | 00000nam a2200000Ia 4500 | ||
|---|---|---|---|
| 001 | 17071 | ||
| 008 | 160829s9999 xx 000 0 cat d | ||
| 020 | |a 84-88811-26-8 | ||
| 080 | |a M-5-116 | ||
| 245 | |a Barcelona - Madrid 1898-1998 : |b sintonies i distàncies | ||
| 260 | |a [Barcelona] : |b Diputació de Barcelona : |b Centre de Cultura Contemporània de Barcelona, DL 1997 | ||
| 300 | |a 254 p. : |b il. (allgunes col.) ; |c 24x24 cm | ||
| 650 | |a Exposicions |x Catàlegs |9 26944 | ||
| 650 | |a Barcelona |x Història |9 26945 | ||
| 650 | |a Madrid (Comunitat autònoma) |x Història I |9 26946 | ||
| 650 | |a Barcelona |x Relacions culturals |x Madrid |9 26947 | ||
| 710 | 2 | |a Centre de Cultura Contemporània de Barcelona |9 52510 | |
| 901 | |a Arxiu | ||
| 942 | |n 1 |2 udc |c ARXIU | ||
| 952 | |0 0 |1 0 |4 0 |6 M5116 |7 1 |9 44216 |a Arxiu |b Arxiu |d 2016-12-01 |l 0 |o M-5-116 |p 17071 |r 2016-12-01 00:00:00 |w 2016-12-01 |y ARXIU | ||
| 999 | |c 46796 |d 46796 | ||